Harry Potter Name game - Statistics

General Stats
  • This quiz has been taken 30 times
    23 since last reset
  • The average score is 45 of 155
Answer Stats
HINT ANSWER % Correct
quidditch seeker Harry Potter
100%
GRYFFINDOR Potter
68%
Weasley
68%
GRYFFINDOR, head of house Mcgonagall
63%
Brown
58%
Granger
58%
Longbottom
58%
SLYTHERIN Malfoy
58%
HOGWARTS STAFF | SLYTHERIN, head of house Snape
58%
Chang
53%
HUFFLEPUFF Diggory
53%
Lupin
53%
Patil
53%
Thomas
53%
Creevey
47%
Finnigan
47%
Goyle
47%
main colour green
47%
Lockhart
47%
Lovegood
47%
Moody
47%
Parkinson
47%
Crabbe
42%
Dumbledore
42%
RAVENCLAW, head of house Flitwick
42%
Ministers of magic Fudge
42%
Hagrid
42%
Johnson
42%
Lestrange
42%
main colour red
42%
Slughorn
42%
HUFFLEPUFF, head of house Sprout
42%
Wood
42%
Black
37%
main colour blue
37%
DEATH EATERS Carrow
37%
Filch
37%
full name of founder Godric Gryffindor
37%
Jordan
37%
Bulgarian Krum
37%
animal lion
37%
Quirrell
37%
full name of founder Salazar Slytherin
37%
Shacklebolt
37%
thing he owns sword
37%
Trelawney
37%
Umbridge
37%
main colour yellow
37%
Zabini
37%
Abbott
32%
animal badger
32%
Bell
32%
Bones
32%
Bulstrode
32%
thing she owns cup
32%
thing she owns diadem
32%
Flint
32%
Greyback
32%
full name of founder Helga Hufflepuff
32%
Hooch
32%
thing he owns locket
32%
McLaggen
32%
Pettigrew
32%
Pomfrey
32%
full name of founder Rowena Ravenclaw
32%
Scrimgeour
32%
quidditch seeker Cho Chang
26%
Clearwater
26%
quidditch seeker Draco Malfoy
26%
Finch Fletchley
26%
Karkaroff
26%
Nott
26%
Smith
26%
Spinnet
26%
Thicknesse
26%
Binns
21%
Burbage
21%
quidditch seeker Cedric Diggory
21%
Firenze
21%
Grubbly Plank
21%
Vane
21%
Vector
21%
Avery
16%
RAVENCLAW Boot
16%
Crouch jr
16%
Edgecombe
16%
Rosier
16%
Sinistra
16%
Travers
16%
Corner
11%
Dolohov
11%
Kettleburn
11%
Lynch
11%
Macnair
11%
Montague
11%
Moran
11%
Mulciber
11%
Mullet
11%
Pince
11%
Pucey
11%
Rookwood
11%
Rowle
11%
Irish Troy
11%
Warrington
11%
Wilkes
11%
Belby
5%
Bole
5%
Connolly
5%
Coote
5%
Crabbe sr
5%
Davies
5%
Derrick
5%
Goldstein
5%
Goyle sr
5%
Jugson
5%
Kirke
5%
Levski
5%
Macmilan
5%
Peakes
5%
Quigley
5%
Robins
5%
Ryan
5%
Selwyn
5%
Sloper
5%
Zograf
5%
Babbling
0%
Bletchley
0%
Dimitrov
0%
animal eargle
0%
Harper
0%
Higgs
0%
Ivanova
0%
Leanne
0%
Nigel
0%
Nott sr
0%
Vaisey
0%
Volkov
0%
Vulchanov
0%
No matching quizzes found
Score Distribution
Percent of People with Each Score
Percentile by Number Answered
Your Score History
You have not taken this quiz since the last reset